000 00314nam a2200133Ia 4500
005 20251222142001.0
008 251222s9999||||xx |||||||||||||| ||spa||
020 _a958-04-9257-3
082 _a658.47/D95
100 _aDrucker, Peter
245 0 _aDrucker para Todos los Días:
264 _bNorma
942 _cLIB
999 _c10024
_d10024